[Event "Madrid San Viator op-B 31st"]
[Site "Madrid"]
[Date "2019.11.17"]
[Round "9"]
[White "Sanchez Rivero, Miguel"]
[Black "Arias Cusio, Oscar"]
[Result "0-1"]
[WhiteElo "1581"]
[BlackElo "1690"]
[PlyCount "102"]
[EventDate "2019.09.08"]
[EventType "swiss"]
[EventRounds "9"]
[EventCountry "ESP"]
[SourceTitle "EXT 2022"]
[Source "ChessBase"]
[SourceDate "2021.10.06"]
[SourceVersion "1"]
[SourceVersionDate "2021.10.06"]
[SourceQuality "1"]

1. e4 e6 2. d4 d5 3. exd5 exd5 4. Bd3 Nf6 5. h3 c5 6. dxc5 Bxc5 7. Qe2+ Be6 8. Nf3 Nc6 9. 0-0 0-0 10. c3 Re8 11. Qc2 Rc8 12. Bg5 h6 13. Bxf6 Qxf6 14. Nbd2 Bd6 15. a3 Ne5 16. Nxe5 Qxe5 17. Nf3 Qf6 18. Qd1 Bd7 19. Bc2 Rcd8 20. Qd4 Re2 21. Qd3 Re4 22. Qxd5 Bc6 23. Qh5 Rf4 24. Nd4 Rh4 25. Qf5 Qe5 26. Qxe5 Bxe5 27. Nxc6 bxc6 28. Rad1 Rb8 29. Bf5 Ra4 30. Rfe1 Bf6 31. Rd6 Ra5 32. g4 Rab5 33. Rxc6 Rxb2 34. Kg2 Bh4 35. Rf1 g6 36. Be4 Re8 37. Kf3 Re7 38. Rc4 Ra2 39. a4 Re6 40. Rc7 Rf6+ 41. Kg2 Rxa4 42. f3 a5 43. Rd1 Ra2+ 44. Kh1 Bg3 45. Rc8+ Kg7 46. Rdd8 Rb6 47. Ra8 Rbb2 48. Rg8+ Kf6 49. Ra6+ Kg5 50. Raxg6+ fxg6 51. Rxg6+ Kf4 0-1

[Event "Madrid San Viator op-B 31st"]
[Site "Madrid"]
[Date "2019.11.10"]
[Round "8"]
[White "Arias Cusio, Oscar"]
[Black "Navarro Gonzalez, Jaime"]
[Result "0-1"]
[WhiteElo "1690"]
[BlackElo "1695"]
[PlyCount "162"]
[EventDate "2019.09.08"]
[EventType "swiss"]
[EventRounds "9"]
[EventCountry "ESP"]
[SourceTitle "EXT 2022"]
[Source "ChessBase"]
[SourceDate "2021.10.06"]
[SourceVersion "1"]
[SourceVersionDate "2021.10.06"]
[SourceQuality "1"]

1. e4 c5 2. Nf3 d6 3. g3 b6 4. d4 cxd4 5. Qxd4 Nc6 6. Bb5 Bd7 7. Qa4 Qc8 8. Nc3 a6 9. Bxc6 Bxc6 10. Qd4 Nf6 11. 0-0 Qb7 12. Re1 g6 13. Bg5 Bg7 14. Nd5 0-0 15. Bxf6 exf6 16. c4 f5 17. Qe3 Rae8 18. Qd3 fxe4 19. Rxe4 Rxe4 20. Qxe4 Re8 21. Qd3 b5 22. Rd1 bxc4 23. Qxc4 Bxd5 24. Qxd5 Qxb2 25. Qxd6 Qxa2 26. Rd2 Qb1+ 27. Kg2 Qb7 28. h4 Bf8 29. Qf6 a5 30. h5 a4 31. hxg6 hxg6 32. Qh4 Qe4 33. Qh3 a3 34. Rd4 Qe6 35. Qh1 Be7 36. Rd1 a2 37. Qh6 Bf6 38. Ng5 Qc6+ 39. Kg1 Bxg5 40. Qxg5 Qc3 41. Qc1 Qxc1 42. Rxc1 Ra8 43. Ra1 Kg7 44. Kg2 Kf6 45. Kf3 Ke5 46. Kg4 f6 47. f4+ Ke6 48. Kf3 Ra3+ 49. Ke4 f5+ 50. Kd4 Kf6 51. Kc4 Ke6 52. Kd4 Kd6 53. Kc4 Kc6 54. Kb4 Ra8 55. Kc4 Kb6 56. Kb4 Ra5 57. Kc4 Ra4+ 58. Kb3 Kb5 59. Kb2 Kc4 60. Rc1+ Kd4 61. Ka1 Ra6 62. Re1 Kd3 63. Re5 Kd4 64. Re1 Ra3 65. Re6 Rxg3 66. Kxa2 Kd5 67. Re8 Rg4 68. Rd8+ Ke4 69. Rd6 Kxf4 70. Kb2 g5 71. Kc2 Rg2+ 72. Kd3 Kf3 73. Rh6 f4 74. Kd4 Kf2 75. Ke4 f3 76. Rf6 g4 77. Rb6 Kg1 78. Rb1+ Kh2 79. Ke3 f2 80. Rf1 g3 81. Ke2 Rg1 0-1

[Event "Madrid San Viator op-B 31st"]
[Site "Madrid"]
[Date "2019.10.27"]
[Round "7"]
[White "Giron Herranz, Juan"]
[Black "Arias Cusio, Oscar"]
[Result "0-1"]
[WhiteElo "1439"]
[BlackElo "1690"]
[PlyCount "126"]
[EventDate "2019.09.08"]
[EventType "swiss"]
[EventRounds "9"]
[EventCountry "ESP"]
[SourceTitle "EXT 2022"]
[Source "ChessBase"]
[SourceDate "2021.10.06"]
[SourceVersion "1"]
[SourceVersionDate "2021.10.06"]
[SourceQuality "1"]

1. d4 Nf6 2. c4 g6 3. Nc3 c6 4. e4 d6 5. f4 Bg7 6. Nf3 Qa5 7. Bd3 Na6 8. a3 Bg4 9. Be3 e5 10. b4 Qc7 11. h3 exf4 12. Bxf4 Bxf3 13. Qxf3 Nh5 14. Be3 Qe7 15. g4 Nf6 16. Kd2 0-0 17. h4 h5 18. gxh5 Nxh5 19. Rag1 Nc7 20. Rg5 Ne6 21. Rxh5 gxh5 22. Qxh5 Rfd8 23. Rg1 Qf6 24. e5 dxe5 25. dxe5 Rxd3+ 26. Kxd3 Nf4+ 27. Bxf4 Qxf4 28. Ne4 Rd8+ 29. Nd6 Rxd6+ 30. exd6 Qd4+ 31. Ke2 Qxg1 32. d7 Qg2+ 33. Ke3 Qh3+ 34. Ke4 Qxd7 35. Qg5 Qd4+ 36. Kf5 Qe5+ 37. Kg4 Qxg5+ 38. Kxg5 Bb2 39. a4 Kg7 40. b5 c5 41. a5 a6 42. bxa6 bxa6 43. h5 Bc1+ 44. Kf5 Bd2 45. h6+ Bxh6 46. Ke4 Bd2 47. Kd5 Bb4 48. Kc6 f5 49. Kb6 f4 50. Kxa6 f3 51. Kb6 Bxa5+ 52. Kxa5 f2 53. Kb6 f1Q 54. Kxc5 Kf7 55. Kb5 Ke6 56. Kc5 Kd7 57. Kd5 Qd3+ 58. Kc5 Qd6+ 59. Kb5 Kc7 60. c5 Qd3+ 61. Ka5 Kc6 62. Ka4 Kxc5 63. Ka5 Qb5# 0-1

[Event "Madrid San Viator op-B 31st"]
[Site "Madrid"]
[Date "2019.10.06"]
[Round "4"]
[White "Arias Cusio, Oscar"]
[Black "Perez Segoviano, Agustin"]
[Result "1-0"]
[WhiteElo "1690"]
[BlackElo "1481"]
[PlyCount "73"]
[EventDate "2019.09.08"]
[EventType "swiss"]
[EventRounds "9"]
[EventCountry "ESP"]
[SourceTitle "EXT 2022"]
[Source "ChessBase"]
[SourceDate "2021.10.06"]
[SourceVersion "1"]
[SourceVersionDate "2021.10.06"]
[SourceQuality "1"]

1. e4 c5 2. d3 Nc6 3. Nf3 e5 4. g3 Nf6 5. Bg2 d6 6. 0-0 Be7 7. Nc3 0-0 8. a3 a6 9. Nd5 Nxd5 10. exd5 Na7 11. b4 b6 12. Re1 f5 13. Qe2 Bf6 14. Rb1 Nb5 15. Rb3 Bd7 16. c4 Nd4 17. Nxd4 cxd4 18. Qa2 Kh8 19. Rb2 Rc8 20. Bd2 Re8 21. Rc2 h6 22. Qa1 Re7 23. Qc1 g5 24. c5 bxc5 25. bxc5 dxc5 26. Rxc5 Rxc5 27. Qxc5 Bb5 28. Qc2 Rc7 29. Qd1 Qf8 30. Qb3 Kg7 31. Bb4 Qc8 32. Qb1 Kg6 33. h3 Rc2 34. Qb3 h5 35. a4 Bd7 36. d6 Qd8 37. Qxc2 1-0

[Event "Alcorcon Spring op-B 1st"]
[Site "Alcorcon"]
[Date "2019.05.19"]
[Round "8"]
[White "Arias Cusio, Oscar"]
[Black "Calvo Gonzalez, Jose Felix"]
[Result "1-0"]
[WhiteElo "1700"]
[BlackElo "1571"]
[PlyCount "65"]
[EventDate "2019.03.24"]
[EventType "swiss"]
[EventRounds "9"]
[EventCountry "ESP"]
[SourceTitle "EXT 2020"]
[Source "ChessBase"]
[SourceDate "2019.10.17"]
[SourceVersion "1"]
[SourceVersionDate "2019.10.17"]
[SourceQuality "1"]

1. e4 c5 2. d3 Nc6 3. g3 e6 4. Bg2 Nf6 5. Nf3 d5 6. Nbd2 Be7 7. e5 Nd7 8. Qe2 Qc7 9. c4 Ndxe5 10. cxd5 Nxf3+ 11. Nxf3 exd5 12. Bf4 Qd8 13. 0-0 0-0 14. Qd2 Bf5 15. a3 Bd6 16. Rfe1 Qc7 17. Nh4 Be6 18. Bxd6 Qxd6 19. f4 Nd4 20. Qf2 f6 21. b4 b6 22. Nf3 Nxf3+ 23. Qxf3 cxb4 24. axb4 Bf7 25. b5 Qc5+ 26. Kh1 Qxb5 27. Re7 a6 28. Rc1 Rac8 29. Rd1 Rfe8 30. Ra7 a5 31. Bh3 Be6 32. Bxe6+ Rxe6 33. Qg4 1-0

[Event "Alcorcon Spring op-B 1st"]
[Site "Alcorcon"]
[Date "2019.04.28"]
[Round "5"]
[White "Benitez Cadenas, Luis Miguel"]
[Black "Arias Cusio, Oscar"]
[Result "0-1"]
[WhiteElo "1581"]
[BlackElo "1700"]
[PlyCount "106"]
[EventDate "2019.03.24"]
[EventType "swiss"]
[EventRounds "9"]
[EventCountry "ESP"]
[SourceTitle "EXT 2020"]
[Source "ChessBase"]
[SourceDate "2019.10.17"]
[SourceVersion "1"]
[SourceVersionDate "2019.10.17"]
[SourceQuality "1"]

1. d4 Nf6 2. Bg5 h6 3. Bxf6 exf6 4. c4 d5 5. e3 Bf5 6. Qb3 Nd7 7. cxd5 Bxb1 8. Rxb1 c6 9. dxc6 Qa5+ 10. Kd1 bxc6 11. Bc4 Qh5+ 12. Ne2 Be7 13. Qb7 Rd8 14. Qxc6 0-0 15. Bd3 Ne5 16. Qe4 Nxd3 17. Qxd3 Qd5 18. Nc1 Qxg2 19. Qf1 Qf3+ 20. Ne2 Rb8 21. Rg1 Qf5 22. Nc3 Rfc8 23. Ke2 Qc2+ 24. Kf3 Bd6 25. Qg2 Qf5+ 26. Ke2 g6 27. Qe4 Qh5+ 28. Kd3 f5 29. Qd5 Rd8 30. Qg2 Kg7 31. h3 Be7 32. Ne2 f4 33. Nc3 Qa5 34. Qe4 Qa6+ 35. Kd2 fxe3+ 36. fxe3 Bf6 37. h4 Re8 38. Qf4 Qe6 39. Rgf1 Rb6 40. Na4 Rb4 41. Nc5 Qe7 42. a3 Rb6 43. Nd3 Bxh4 44. Ne5 Bf6 45. Rf2 Qd6 46. Rh1 g5 47. Qh2 Bxe5 48. Rxf7+ Kxf7 49. Qh5+ Qg6 50. Qf3+ Bf6 51. Qd5+ Kg7 52. Qd7+ Re7 53. Qc8 Rxb2+ 0-1

[Event "Madrid San Viator op-B 30th"]
[Site "Madrid"]
[Date "2018.06.10"]
[Round "9"]
[White "Arias Cusio, Oscar"]
[Black "Martin Hernandez, Francisco"]
[Result "0-1"]
[WhiteElo "1661"]
[BlackElo "1627"]
[PlyCount "90"]
[EventDate "2018.04.08"]
[EventType "swiss"]
[EventRounds "9"]
[EventCountry "ESP"]
[SourceTitle "EXT 2019"]
[Source "ChessBase"]
[SourceDate "2018.10.10"]
[SourceVersion "1"]
[SourceVersionDate "2018.10.10"]
[SourceQuality "1"]

1. e4 e5 2. Nf3 Nf6 3. Nc3 Nc6 4. Bb5 d6 5. 0-0 Be7 6. d4 a6 7. Bxc6+ bxc6 8. dxe5 dxe5 9. Nxe5 Bb7 10. Nd3 0-0 11. Be3 Re8 12. Qe2 Bd6 13. f3 Nd7 14. f4 f6 15. Rad1 Qe7 16. Rf3 c5 17. Rg3 Bxe4 18. Nxe4 Qxe4 19. Qg4 Qe7 20. b4 g6 21. bxc5 Nxc5 22. Bf2 Ne4 23. Re1 Qf7 24. Rh3 f5 25. Qf3 Qxa2 26. g4 fxg4 27. Qxg4 Nf6 28. Qg2 Qxc2 29. Rhe3 Rf8 30. f5 Kf7 31. fxg6+ hxg6 32. Qf3 Kg7 33. R3e2 Qc4 34. Bg3 Qg4 35. Qg2 Qd4+ 36. Nf2 a5 37. Bxd6 Qxd6 38. Re7+ Kh6 39. Qh3+ Nh5 40. Ng4+ Kg5 41. R1e5+ Rf5 42. Rxf5+ gxf5 43. Rh7 Qd1+ 44. Kf2 Qxg4 45. Qe3+ Qf4+ 0-1

[Event "Madrid San Viator op-B 30th"]
[Site "Madrid"]
[Date "2018.04.08"]
[Round "1"]
[White "Arias Cusio, Oscar"]
[Black "Fernandez Munoz, Jesus Norberto"]
[Result "1/2-1/2"]
[WhiteElo "1661"]
[BlackElo "1415"]
[PlyCount "107"]
[EventDate "2018.04.08"]
[EventType "swiss"]
[EventRounds "9"]
[EventCountry "ESP"]
[SourceTitle "EXT 2019"]
[Source "ChessBase"]
[SourceDate "2018.10.10"]
[SourceVersion "1"]
[SourceVersionDate "2018.10.10"]
[SourceQuality "1"]

1. e4 c5 2. Nf3 Qc7 3. Nc3 e6 4. d4 a6 5. d5 Bd6 6. Bg5 b5 7. Qe2 e5 8. Nh4 g6 9. Qd2 h6 10. Be3 Be7 11. Nf3 d6 12. Be2 Nd7 13. 0-0 Ndf6 14. a3 Ng4 15. h3 Nxe3 16. Qxe3 Nf6 17. Nh2 Bd7 18. f4 exf4 19. Qxf4 g5 20. Qf2 h5 21. Nd1 Rh7 22. Qe3 Rg7 23. Nf2 0-0-0 24. c4 Re8 25. b4 Bd8 26. a4 bxa4 27. b5 axb5 28. cxb5 Nxd5 29. Qd2 Nb6 30. Qb2 Rh7 31. Bd3 Rhh8 32. Nd1 Be6 33. Nc3 Bf6 34. Rxf6 g4 35. hxg4 hxg4 36. g3 d5 37. Ne2 Rh3 38. Kg2 Reh8 39. Rh1 c4 40. Bc2 Qc5 41. Nd4 c3 42. Nxe6 Qe3 43. Qb4 Qxg3+ 44. Kf1 Qe3 45. Qc5+ Qxc5 46. Nxc5 Nc4 47. Rc6+ Kb8 48. Bxa4 Ne3+ 49. Ke2 g3 50. Na6+ Kb7 51. Rc1 gxh2 52. R1xc3 Nc4 53. Nc5+ Kb8 54. Na6+ 1/2-1/2

[Event "Madrid San Viator op-B 29th"]
[Site "Madrid"]
[Date "2017.11.05"]
[Round "8"]
[White "Arias Cusio, Oscar"]
[Black "Periotto Miori, Fabrizio Lautaro"]
[Result "0-1"]
[WhiteElo "1655"]
[BlackElo "1492"]
[PlyCount "106"]
[EventDate "2017.09.17"]
[EventType "swiss"]
[EventRounds "9"]
[EventCountry "ESP"]
[SourceTitle "EXT 2019"]
[Source "ChessBase"]
[SourceDate "2018.10.10"]
[SourceVersion "1"]
[SourceVersionDate "2018.10.10"]
[SourceQuality "1"]

1. e4 c5 2. Bc4 d6 3. Nf3 Nc6 4. 0-0 Nf6 5. d3 e6 6. Re1 Be7 7. Nbd2 0-0 8. Nf1 d5 9. exd5 exd5 10. Bb5 Nb8 11. a3 a6 12. Ba4 b5 13. Bb3 Qc7 14. c4 dxc4 15. dxc4 Nc6 16. Be3 Na5 17. cxb5 Rd8 18. Qc2 axb5 19. Ba2 Nd5 20. Bg5 f6 21. Bd2 Nc6 22. Qe4 c4 23. Nh4 Qe5 24. Bb1 g6 25. Qf3 Nd4 26. Qd1 Qd6 27. Bh6 Nb3 28. Be4 Bb7 29. Rb1 f5 30. Bxd5+ Bxd5 31. Nf3 Be4 32. Qe2 g5 33. Bxg5 Bxg5 34. Nxg5 Bxb1 35. Rxb1 Nd4 36. Qe3 Re8 37. Qh3 Qg6 38. Nf3 Ne2+ 39. Kh1 Nf4 40. Qg3 Nd3 41. Nh4 Qxg3 42. fxg3 f4 43. gxf4 Nxf4 44. Nd2 Re2 45. Ndf3 Nd3 46. Nd4 Re5 47. Nhf3 Rd5 48. h3 Re8 49. Kh2 Re4 50. Nc2 Re2 51. Nfd4 Rd2 52. b4 Nf4 53. Rg1 R2xd4 0-1

[Event "Madrid San Viator op-B 29th"]
[Site "Madrid"]
[Date "2017.10.22"]
[Round "5"]
[White "Alcojor Patilla, Antonio"]
[Black "Arias Cusio, Oscar"]
[Result "0-1"]
[WhiteElo "1618"]
[BlackElo "1655"]
[PlyCount "90"]
[EventDate "2017.09.17"]
[EventType "swiss"]
[EventRounds "9"]
[EventCountry "ESP"]
[SourceTitle "EXT 2019"]
[Source "ChessBase"]
[SourceDate "2018.10.10"]
[SourceVersion "1"]
[SourceVersionDate "2018.10.10"]
[SourceQuality "1"]

1. e4 e6 2. d4 d5 3. e5 c5 4. f4 cxd4 5. Nf3 Nc6 6. Nxd4 Bd7 7. Nc3 Bb4 8. Be2 Nge7 9. 0-0 Nxd4 10. Qxd4 Qa5 11. Qd3 0-0 12. Bd2 Nf5 13. a3 Qb6+ 14. Kh1 Bxc3 15. Bxc3 Rac8 16. Rad1 a6 17. Rf3 Bc6 18. Rh3 Rfd8 19. Bd4 Qc7 20. c3 h6 21. g4 Bb5 22. Qe3 Bxe2 23. Qxe2 Ne7 24. Rf1 Nc6 25. Rd1 Qe7 26. Qf2 Nxd4 27. Rxd4 Rc6 28. Rh5 b5 29. g5 hxg5 30. Rxg5 f6 31. Rg6 fxe5 32. fxe5 Rc4 33. Qg1 Rf8 34. Qg4 Rf5 35. Rxc4 dxc4 36. Qd4 Qf7 37. Rg3 Qh5 38. Qd8+ Kh7 39. Qe7 Rf1+ 40. Kg2 Qe2+ 41. Kh3 Qxe5 42. Qh4+ Kg8 43. Qd8+ Rf8 44. Qd4 Qf5+ 45. Kg2 Qf1# 0-1

[Event "Madrid San Viator op-B 29th"]
[Site "Madrid"]
[Date "2017.10.08"]
[Round "4"]
[White "Arias Cusio, Oscar"]
[Black "Garcia Prada, Alejandro"]
[Result "1-0"]
[WhiteElo "1655"]
[BlackElo "1505"]
[PlyCount "117"]
[EventDate "2017.09.17"]
[EventType "swiss"]
[EventRounds "9"]
[EventCountry "ESP"]
[SourceTitle "EXT 2019"]
[Source "ChessBase"]
[SourceDate "2018.10.10"]
[SourceVersion "1"]
[SourceVersionDate "2018.10.10"]
[SourceQuality "1"]

1. e4 c5 2. Nf3 Nc6 3. c3 g6 4. Bb5 a6 5. Bxc6 dxc6 6. h3 Bg7 7. 0-0 Nf6 8. Re1 0-0 9. e5 Nd5 10. d4 cxd4 11. cxd4 Be6 12. Nc3 Nxc3 13. bxc3 Qa5 14. Bd2 Rfd8 15. Ng5 Rf8 16. Nxe6 fxe6 17. Qb3 Qc7 18. Qxe6+ Rf7 19. Bf4 Raf8 20. Bg3 Bh6 21. Qb3 Qc8 22. Rab1 b5 23. a4 Kh8 24. axb5 cxb5 25. Rbd1 Bf4 26. Bxf4 Rxf4 27. Re2 Qf5 28. Rdd2 Qg5 29. d5 Re4 30. e6 Qe5 31. Qb2 Rff4 32. g3 Rf6 33. Rxe4 Qxe4 34. Qa2 Kg7 35. d6 exd6 36. Rxd6 Qe1+ 37. Kg2 Qxc3 38. Qd5 Qe1 39. Qd4 g5 40. Rxa6 Qe2 41. Ra7+ Kg6 42. e7 Re6 43. Qb4 Qe4+ 44. Qxe4+ Rxe4 45. Rb7 b4 46. Kf3 Re6 47. Rb6 Rxb6 48. e8Q+ Kh6 49. Qe3 Rf6+ 50. Ke2 Kg6 51. Qe4+ Kh6 52. Qxb4 Re6+ 53. Kf3 Rf6+ 54. Kg4 Kg6 55. Qe4+ Kh6 56. Qe7 Rg6 57. Kf5 g4 58. hxg4 Rf6+ 59. Qxf6# 1-0

[Event "Madrid San Viator op-B 29th"]
[Site "Madrid"]
[Date "2017.09.17"]
[Round "1"]
[White "Lavayen Torres, Leonardo"]
[Black "Arias Cusio, Oscar"]
[Result "1-0"]
[WhiteElo "1342"]
[BlackElo "1655"]
[PlyCount "55"]
[EventDate "2017.09.17"]
[EventType "swiss"]
[EventRounds "9"]
[EventCountry "ESP"]
[SourceTitle "EXT 2019"]
[Source "ChessBase"]
[SourceDate "2018.10.10"]
[SourceVersion "1"]
[SourceVersionDate "2018.10.10"]
[SourceQuality "1"]

1. e4 e6 2. d4 b6 3. Nf3 Bb7 4. Bd3 c5 5. c3 Be7 6. e5 cxd4 7. cxd4 Bxf3 8. Qxf3 Nc6 9. Be3 Rc8 10. 0-0 Nb4 11. Be4 f5 12. Bb7 Rc7 13. Nc3 Qb8 14. Qg3 g6 15. Bf3 Nd3 16. d5 Bc5 17. Nb5 Rc8 18. d6 Bxe3 19. fxe3 Rc5 20. Nc7+ Rxc7 21. dxc7 Qxc7 22. Rfd1 Nxe5 23. Rac1 Qb8 24. Rc8+ Qxc8 25. Qxe5 Nf6 26. Qxf6 Rf8 27. Qg7 Qc5 28. Qxd7# 1-0

[Event "Madrid San Viator op-B 28th"]
[Site "Madrid"]
[Date "2017.05.28"]
[Round "8"]
[White "Arce Escobedo, Julio"]
[Black "Arias Cusio, Oscar"]
[Result "0-1"]
[WhiteElo "1642"]
[BlackElo "1606"]
[PlyCount "109"]
[EventDate "2017.03.26"]
[EventType "swiss"]
[EventRounds "9"]
[EventCountry "ESP"]
[SourceTitle "EXT 2019"]
[Source "ChessBase"]
[SourceDate "2018.10.10"]
[SourceVersion "1"]
[SourceVersionDate "2018.10.10"]
[SourceQuality "1"]

1. e4 e6 2. d4 d5 3. e5 c5 4. c3 Bd7 5. Nf3 Nc6 6. a3 c4 7. Nbd2 Nge7 8. g3 Ng6 9. b4 Be7 10. b5 Na5 11. a4 0-0 12. Ba3 Bxa3 13. Rxa3 f6 14. exf6 Qxf6 15. Bg2 e5 16. 0-0 e4 17. Ne1 Rae8 18. Nc2 Qd6 19. Ra1 Nh8 20. Ne3 Nf7 21. Qh5 g5 22. h4 Re6 23. hxg5 Rg6 24. f4 exf3 25. Qxf3 Be6 26. Nxd5 Bxd5 27. Qxd5 Qxg3 28. Rf3 Qg4 29. Ne4 Kg7 30. Raf1 Nxg5 31. Nxg5 Rxg5 32. Rf7+ Rxf7 33. Qxf7+ Kh8 34. Qe8+ Rg8 35. Qe5+ Qg7 36. Qxg7+ Rxg7 37. Rf8+ Rg8 38. Rxg8+ Kxg8 39. d5 Kf7 40. Kf2 Nb3 41. d6 b6 42. Bd5+ Ke8 43. Bxc4 Nc5 44. Bg8 h6 45. Ke3 Nxa4 46. c4 Kd7 47. Bd5 Kxd6 48. Kd4 h5 49. Bg2 Nc5 50. Bf3 h4 51. Bg2 Ne6+ 52. Kc3 Kc5 53. Bd5 Nf4 54. Be4 h3 55. Bh1 0-1

[Event "Madrid San Viator op-B 28th"]
[Site "Madrid"]
[Date "2017.05.21"]
[Round "7"]
[White "Martinez Pintor, Juan"]
[Black "Arias Cusio, Oscar"]
[Result "0-1"]
[WhiteElo "1657"]
[BlackElo "1606"]
[PlyCount "72"]
[EventDate "2017.03.26"]
[EventType "swiss"]
[EventRounds "9"]
[EventCountry "ESP"]
[SourceTitle "EXT 2019"]
[Source "ChessBase"]
[SourceDate "2018.10.10"]
[SourceVersion "1"]
[SourceVersionDate "2018.10.10"]
[SourceQuality "1"]

1. d4 Nf6 2. c4 g6 3. Nc3 Bg7 4. e4 d6 5. h3 0-0 6. Nf3 Nbd7 7. Be2 c5 8. Be3 b6 9. Qc2 Bb7 10. 0-0 a6 11. Rab1 Rc8 12. Qd3 cxd4 13. Bxd4 Nc5 14. Bxc5 Rxc5 15. b4 Rc8 16. Nd2 Nd7 17. Rfc1 f5 18. exf5 Rxf5 19. Bf3 Ne5 20. Bd5+ Bxd5 21. Qxd5+ Kh8 22. Qe4 Qf8 23. Qe2 e6 24. Nce4 Nc6 25. Nf3 Nd4 26. Nxd4 Bxd4 27. Qd2 e5 28. Rc2 Rd8 29. Nc3 Rxf2 30. Qxf2 Bxf2+ 31. Rxf2 Qh6 32. Nd5 b5 33. cxb5 axb5 34. Rbf1 Qh4 35. Kh1 Qd4 36. Nc7 Qc4 0-1

[Event "Madrid San Viator op-B 28th"]
[Site "Madrid"]
[Date "2017.04.23"]
[Round "4"]
[White "Arias Cusio, Oscar"]
[Black "Castro Uceda, Jose Antonio"]
[Result "1-0"]
[WhiteElo "1606"]
[BlackElo "1534"]
[PlyCount "129"]
[EventDate "2017.03.26"]
[EventType "swiss"]
[EventRounds "9"]
[EventCountry "ESP"]
[SourceTitle "EXT 2019"]
[Source "ChessBase"]
[SourceDate "2018.10.10"]
[SourceVersion "1"]
[SourceVersionDate "2018.10.10"]
[SourceQuality "1"]

1. e4 c5 2. Nc3 e6 3. Bc4 d6 4. Nge2 Nc6 5. a3 Nf6 6. d3 Be7 7. 0-0 0-0 8. f4 d5 9. exd5 exd5 10. Ba2 Bf5 11. Ng3 Bg4 12. Qe1 Re8 13. Qf2 b6 14. h3 c4 15. Nce2 Bxe2 16. Nxe2 Bc5 17. d4 Ne4 18. Qf3 Bxd4+ 19. Kh2 Qf6 20. c3 Bc5 21. Ng3 Nxg3 22. Qxg3 Re2 23. Qf3 Qe6 24. Bb1 Rd8 25. f5 Bd6+ 26. Bf4 Bxf4+ 27. Qxf4 Qe5 28. b4 cxb3 29. Bd3 Qxf4+ 30. Rxf4 Rd2 31. Bb5 Ne5 32. Rb1 b2 33. Rb4 d4 34. cxd4 R8xd4 35. R4xb2 Nf3+ 36. Kg3 Ng5 37. Rb3 Ne4+ 38. Kh2 Rf2 39. Re1 h6 40. Bd3 Nd6 41. Kg3 Rd2 42. Bb1 b5 43. Ree3 h5 44. Rbc3 h4+ 45. Kh2 Rb2 46. Bd3 Rf4 47. Rc6 Nxf5 48. Rc8+ Kh7 49. Re7 Kg6 50. Rxa7 Rff2 51. Be4 Rbe2 52. Re8 Kg5 53. Rxf7 Nd6 54. Re5+ Kh6 55. Re6+ Kg5 56. Rxf2 Rxf2 57. Rxd6 Ra2 58. Rd3 Kf4 59. Bc6 Rb2 60. Rd4+ Kg5 61. Rd5+ Kf4 62. Rxb5 Rc2 63. Bf3 g5 64. Rb4+ Kf5 65. Be4+ 1-0

[Event "Madrid San Viator op-B 26th"]
[Site "Madrid"]
[Date "2016.06.05"]
[Round "9"]
[White "Arias Cusio, Oscar"]
[Black "Santos Burkholz, Mario"]
[Result "1-0"]
[WhiteElo "1611"]
[BlackElo "1526"]
[PlyCount "92"]
[EventDate "2016.04.03"]
[EventType "swiss"]
[EventRounds "9"]
[EventCountry "ESP"]
[SourceTitle "EXT 2017"]
[Source "ChessBase"]
[SourceDate "2016.10.25"]
[SourceVersion "1"]
[SourceVersionDate "2016.10.25"]
[SourceQuality "1"]

1. e4 e6 2. b3 d5 3. exd5 exd5 4. Nf3 Bg4 5. Be2 Nf6 6. 0-0 Be7 7. h3 Bh5 8. Bb2 0-0 9. Nc3 c6 10. Nh2 Bxe2 11. Nxe2 Bd6 12. Rb1 Nbd7 13. Ng3 Qc7 14. Ng4 Nxg4 15. Qxg4 Be5 16. Nh5 Bxb2 17. Rxb2 g6 18. Qxd7 Qe5 19. Rbb1 Qxh5 20. Qxb7 c5 21. Rfe1 Qf5 22. Rbc1 Rfd8 23. Qe7 Qc8 24. Qg5 Qc6 25. c4 d4 26. d3 Re8 27. Qd2 Qb6 28. Re2 Re6 29. Rxe6 Qxe6 30. Re1 Qc6 31. Qg5 Rc8 32. Re7 Rc7 33. Re4 Qd6 34. h4 h5 35. g4 hxg4 36. Rxg4 Qe7 37. Qd2 Qe6 38. Re4 Qf6 39. Qa5 Qb6 40. Qe1 Qf6 41. Re8+ Kg7 42. Qe4 Rd7 43. Kf1 Rc7 44. Re5 Kf8 45. Re8+ Kg7 46. a3 Rb7 1-0

[Event "Madrid San Viator op-B 26th"]
[Site "Madrid"]
[Date "2016.04.24"]
[Round "4"]
[White "Simon Escalona, Irene"]
[Black "Arias Cusio, Oscar"]
[Result "1-0"]
[WhiteElo "1423"]
[BlackElo "1611"]
[PlyCount "65"]
[EventDate "2016.04.03"]
[EventType "swiss"]
[EventRounds "9"]
[EventCountry "ESP"]
[SourceTitle "EXT 2017"]
[Source "ChessBase"]
[SourceDate "2016.10.25"]
[SourceVersion "1"]
[SourceVersionDate "2016.10.25"]
[SourceQuality "1"]

1. e4 e5 2. Nf3 Nc6 3. Bc4 Be7 4. c3 d6 5. d3 Bd7 6. 0-0 Na5 7. Bb3 Nxb3 8. Qxb3 b6 9. d4 exd4 10. cxd4 Nf6 11. Nc3 0-0 12. Rd1 Bg4 13. Rd3 Qc8 14. Qc2 Qb7 15. Re3 Bh5 16. Nh4 h6 17. Nf5 c6 18. Rg3 Bg6 19. Nh4 Nh5 20. Nxg6 Nxg3 21. Nxf8 Nxe4 22. Nxe4 Rxf8 23. Bf4 d5 24. Ng3 Rc8 25. Nf5 Bf8 26. Bd6 Qd7 27. Bxf8 Rxf8 28. Re1 g6 29. Ne7+ Kg7 30. Qxc6 Qg4 31. Qxd5 Re8 32. h3 Qf4 33. Qe5+ 1-0

[Event "Madrid San Viator op 20th"]
[Site "Madrid"]
[Date "2013.05.19"]
[Round "6"]
[White "Arias Cusio, Oscar"]
[Black "Moreno Zamora, Gregorio"]
[Result "0-1"]
[WhiteElo "1761"]
[BlackElo "1725"]
[PlyCount "88"]
[EventDate "2013.04.07"]
[EventType "swiss"]
[EventRounds "9"]
[EventCountry "ESP"]
[SourceTitle "EXT 2014"]
[Source "ChessBase"]
[SourceDate "2013.11.20"]
[SourceVersion "1"]
[SourceVersionDate "2013.11.20"]
[SourceQuality "1"]

1. e4 c6 2. Nf3 d5 3. e5 c5 4. c3 Nc6 5. d4 Bg4 6. Bb5 e6 7. Be3 Qb6 8. a4 a6 9. Bxc6+ bxc6 10. Ra2 Bxf3 11. gxf3 cxd4 12. cxd4 c5 13. Nc3 c4 14. 0-0 Ne7 15. Qc2 Nf5 16. Rb1 Rb8 17. a5 Qb3 18. Qc1 Bb4 19. Ra3 Bxa3 20. bxa3 0-0 21. Rxb3 cxb3 22. Na4 Rfc8 23. Nc5 b2 24. Qb1 Rb5 25. Kg2 Rc6 26. Nd3 Rb3 27. Nc5 Rb5 28. a4 Rb8 29. Kf1 h6 30. Ke2 Rb4 31. Kd3 Nxe3 32. fxe3 Rc8 33. h4 Kh8 34. Kc2 Rc4+ 35. Kd3 Rb8 36. Kd2 Rc1 37. Qxc1 bxc1Q+ 38. Kxc1 Kh7 39. Nxa6 Ra8 40. Nc5 Rxa5 41. Kb2 Kg6 42. Kb3 Kh5 43. Nd3 Kxh4 44. Nf4 g5 0-1

[Event "Madrid San Viator op 20th"]
[Site "Madrid"]
[Date "2013.04.21"]
[Round "3"]
[White "Arias Cusio, Oscar"]
[Black "Algaba Traspuesto, Jose Antonio"]
[Result "1-0"]
[WhiteElo "1761"]
[BlackElo "1638"]
[PlyCount "63"]
[EventDate "2013.04.07"]
[EventType "swiss"]
[EventRounds "9"]
[EventCountry "ESP"]
[SourceTitle "EXT 2014"]
[Source "ChessBase"]
[SourceDate "2013.11.20"]
[SourceVersion "1"]
[SourceVersionDate "2013.11.20"]
[SourceQuality "1"]

1. e4 d5 2. exd5 Nf6 3. c4 c6 4. dxc6 Nxc6 5. Nf3 e5 6. Nc3 Bf5 7. a3 e4 8. Ng1 Qe7 9. Nge2 Rd8 10. Ng3 Bg6 11. Be2 Qd7 12. 0-0 Bc5 13. Kh1 0-0 14. Bh5 Nxh5 15. Nxh5 Qf5 16. Ng3 Qd7 17. Ngxe4 Bb6 18. Ng3 Ne5 19. b3 Nd3 20. Qf3 Rfe8 21. Nd5 Bd4 22. Ra2 Ne1 23. Qf4 Be5 24. Qh4 Bxg3 25. Qxg3 Qe6 26. Nc7 Qe2 27. Rg1 Nd3 28. h4 Re4 29. f3 Nf2+ 30. Kh2 Rd3 31. Nd5 Rg4 32. Qb8+ 1-0